| 000 | 00346nam a22001337a 4500 | ||
|---|---|---|---|
| 020 | _qHB. | ||
| 040 | _cFIZZA ISHAQ | ||
| 082 |
_a658.4012 _bGEO |
||
| 100 |
_aLABOVITZ,GEORGE. _9132726 |
||
| 245 |
_aTHE POWER OF ALIGNMENT / _cGEORGE LABOVITZ. |
||
| 260 |
_aNEW YORK; _bJOHN WILEY & SONS, _c1997. |
||
| 300 |
_a242 P. ; _c9.1X6IN |
||
| 942 |
_2ddc _cBK |
||
| 999 |
_c615781 _d615781 |
||